000 00510nam a2200193Ia 4500
008 101110s9999 xx 000 0 und d
041 _aMARATHI
082 _bSR24438
_a891.468
100 _aDalwai Hamid
245 _aRashatiya Ekatamata aani Bhartiya Musalman
365 _b200
520 _aMarathi
546 _aMARATHI
630 _aRashatiya Ekatamata aani Bhartiya Musalman
650 _aMarathi
655 _aMarathi
730 _aRashatiya Ekatamata aani Bhartiya Musalman
942 _cBOOK
999 _c817109
_d817106